Ruth : (Record no. 124244)
[ view plain ]
| 000 -LEADER | |
|---|---|
| fixed length control field | 01626cam a2200373 a 4500 |
| 001 - CONTROL NUMBER | |
| control field | 15805348 |
| 003 - CONTROL NUMBER IDENTIFIER | |
| control field | ARRUPE |
| 005 - DATE AND TIME OF LATEST TRANSACTION | |
| control field | 20160229143516.0 |
| 008 - FIXED-LENGTH DATA ELEMENTS--GENERAL INFORMATION | |
| fixed length control field | 090707s2010 txu b 001 0 eng |
| 010 ## - LIBRARY OF CONGRESS CONTROL NUMBER | |
| LC control number | 2009027671 |
| 015 ## - NATIONAL BIBLIOGRAPHY NUMBER | |
| National bibliography number | GBA9A4887 |
| Source | bnb |
| 016 7# - NATIONAL BIBLIOGRAPHIC AGENCY CONTROL NUMBER | |
| Record control number | 015403338 |
| Source | Uk |
| 020 ## - INTERNATIONAL STANDARD BOOK NUMBER | |
| International Standard Book Number | 9781932792911 (pbk. : alk. paper) |
| 020 ## - INTERNATIONAL STANDARD BOOK NUMBER | |
| International Standard Book Number | 1932792910 (pbk. : alk. paper) |
| 035 ## - SYSTEM CONTROL NUMBER | |
| System control number | (OCoLC)ocn318878118 |
| 040 ## - CATALOGING SOURCE | |
| Original cataloging agency | DLC |
| Transcribing agency | DLC |
| Modifying agency | BTCTA |
| -- | C#P |
| -- | YDXCP |
| -- | BWX |
| -- | UKM |
| -- | CDX |
| -- | HNW |
| -- | DTM |
| -- | DLC |
| 050 00 - LIBRARY OF CONGRESS CALL NUMBER | |
| Classification number | BS1315.52 |
| Item number | .H65 2009 |
| 300 ## - PHYSICAL DESCRIPTION | |
| Dimensions | 19 cm. |
| 100 1# - MAIN ENTRY--PERSONAL NAME | |
| Personal name | Holmstedt, Robert D. |
| 9 (RLIN) | 22553 |
| 245 10 - TITLE STATEMENT | |
| Title | Ruth : |
| Remainder of title | a handbook on the Hebrew text / |
| Statement of responsibility, etc | Robert D. Holmstedt. |
| 260 ## - PUBLICATION, DISTRIBUTION, ETC. (IMPRINT) | |
| Place of publication, distribution, etc | Waco, Tex. : |
| Name of publisher, distributor, etc | Baylor University Press, |
| Date of publication, distribution, etc | c2010. |
| 300 ## - PHYSICAL DESCRIPTION | |
| Extent | vii, 226 p. ; |
| 490 1# - SERIES STATEMENT | |
| Series statement | Baylor handbook on the Hebrew Bible |
| 504 ## - BIBLIOGRAPHY, ETC. NOTE | |
| Bibliography, etc | Includes bibliographical references (p. 215-221) and indexes. |
| 505 0# - FORMATTED CONTENTS NOTE | |
| Formatted contents note | Linguistic background to the grammatical commentary on Ruth -- The role of linguistic features in dating the book -- The use of language to color characters' speech -- Act I -- Act II -- Act III -- Act IV. |
| 630 00 - SUBJECT ADDED ENTRY--UNIFORM TITLE | |
| Uniform title | Bible. |
| Name of part/section of a work | Ruth |
| General subdivision | Criticism, Textual. |
| 9 (RLIN) | 22554 |
| 630 00 - SUBJECT ADDED ENTRY--UNIFORM TITLE | |
| Uniform title | Bible. |
| Name of part/section of a work | Ruth. |
| Language of a work | Hebrew |
| General subdivision | Versions. |
| 9 (RLIN) | 22555 |
| 630 00 - SUBJECT ADDED ENTRY--UNIFORM TITLE | |
| Uniform title | Bible. |
| Name of part/section of a work | Ruth |
| General subdivision | Language, style. |
| 9 (RLIN) | 22556 |
| 650 #0 - SUBJECT ADDED ENTRY--TOPICAL TERM | |
| Topical term or geographic name as entry element | Hebrew language |
| General subdivision | Grammar. |
| 9 (RLIN) | 22557 |
| 650 #0 - SUBJECT ADDED ENTRY--TOPICAL TERM | |
| Topical term or geographic name as entry element | Hebrew language |
| General subdivision | Discourse analysis. |
| 9 (RLIN) | 22558 |
| 830 #0 - SERIES ADDED ENTRY--UNIFORM TITLE | |
| Uniform title | Baylor handbook on the Hebrew Bible series. |
| 9 (RLIN) | 22559 |
| 906 ## - LOCAL DATA ELEMENT F, LDF (RLIN) | |
| a | 7 |
| b | cbc |
| c | orignew |
| d | 1 |
| e | ecip |
| f | 20 |
| g | y-gencatlg |
| 942 ## - ADDED ENTRY ELEMENTS (KOHA) | |
| Source of classification or shelving scheme | Library of Congress Classification |
| Koha item type | Monograph ( Printed materials) |
| Withdrawn status | Lost status | Source of classification or shelving scheme | Damaged status | Not for loan | Collection code | Home library | Current library | Shelving location | Date acquired | Total Checkouts | Full call number | Barcode | Date last seen | Price effective from | Koha item type |
|---|---|---|---|---|---|---|---|---|---|---|---|---|---|---|---|
| Library of Congress Classification | Main Collection | ARRUPE LIBRARY | ARRUPE LIBRARY | Main Collection | 29/02/2016 | BS1315.52.H65 2009 | 46500006737 | 29/02/2016 | 29/02/2016 | Monograph ( Printed materials) |